| 000 | 00672nam a2200217 a 4500 | ||
|---|---|---|---|
| 005 | 20140310183313.0 | ||
| 008 | 051017s19uu xx 00 eng d | ||
| 020 | _a9780415271691 | ||
| 050 |
_aG 155.D44 _b.M69 2003 |
||
| 100 | _aMowforth, Martin | ||
| 245 |
_aTourism and sustainability : _bdevelopment and new tourism in the third world / _cMartin Mowforth and Ian Munt. |
||
| 250 | _a2nd ed. | ||
| 260 |
_aLOndon : _bRoutledge, _c2003. |
||
| 300 |
_a338 p. : _c26 cm. |
||
| 521 | _aTOU | ||
| 650 |
_aTourism _xDeveloping countries. |
||
| 650 |
_aSustainable development _xDeveloping countries. |
||
| 700 | _aMunt, Ian | ||
| 942 |
_cBK _2lcc _kFOR |
||
| 999 |
_c21201 _d21201 |
||